00567 2200157 4500245009300000020002200093250001000115100002400125005001900149260004100168041001400209084001200223500009900235490006600334336000900400 aENSIKLOPEDI KEMUJIZATAN ILMIAH DALAM AL-QURAN DAN SUNAH VOL.6cYUSUF AL-HAJJ AHMADhText a978-6-02-841500-6 aCet.1 aYUSUF AL-HAJJ AHMAD a20240826121423 aJakartabMAKTABAH IBNU HAJAR, SURIAH aIndonesia a297.114 aDaftar isi : kemujizatan ilmiah yang berkaitan dengan hewan,sistem pernapasan pada hewan, unta aENSIKLOPEDI KEMUJIZATAN ILMIAH DALAM AL-QURAN DAN SUNAH VOL.6 atext